Справочник по физике для инженеров и студентов вузов

Bibliographic Details
Main Author: Яворский Б. М. Борис Михайлович
Other Authors: Детлаф А. А. Андрей Антонович, Лебедев А. К. Андрей Константинович
Summary:В справочнике даны определения основных физических понятий, кратко сформулированы физические законы и сущность описываемых ими явлений, приведены математические понятия, необходимые для пользования справочником. Данное издание существенно переработано с учетом новых достижений физической науки и вузовской программы курса физики. Справочник адресован инженерно-техническим работникам, студентам и аспирантам вузов и втузов, преподавателям высшей и средней школы. Может быть полезен всем, кто интересуется физикой.
Language:Russian
Published: Москва, Оникс, 2007
Edition:8-е изд., перераб. и испр.
Subjects:
Format: MixedMaterials Book
KOHA link:https://koha.lib.tpu.ru/cgi-bin/koha/opac-detail.pl?biblionumber=145784

MARC

LEADER 00000nam0a2200000 4500
001 145784
005 20231031144227.0
010 |a 9785488012486 
010 |a 978-5-94666-401-1 
035 |a (RuTPU)RU\TPU\book\158018 
035 |a RU\TPU\book\133726 
090 |a 145784 
100 |a 20081022d2007 km y0rusy50 ca 
101 0 |a rus 
102 |a RU 
105 |a a g 001zy 
200 1 |a Справочник по физике для инженеров и студентов вузов  |f Б. М. Яворский, А. А. Детлаф, А. К. Лебедев 
205 |a 8-е изд., перераб. и испр. 
210 |a Москва  |c Оникс  |c Мир и Образование  |d 2007 
215 |a 1056 с.  |c ил. 
320 |a Предметный указатель: с. 1011-1042. 
330 |a В справочнике даны определения основных физических понятий, кратко сформулированы физические законы и сущность описываемых ими явлений, приведены математические понятия, необходимые для пользования справочником. Данное издание существенно переработано с учетом новых достижений физической науки и вузовской программы курса физики. Справочник адресован инженерно-техническим работникам, студентам и аспирантам вузов и втузов, преподавателям высшей и средней школы. Может быть полезен всем, кто интересуется физикой. 
451 1 |0 (RuTPU)RU\TPU\book\173097  |y 978-5-488-01477-0  |t Справочник по физике для инженеров и студентов вузов  |f Б. М. Яворский, А. А. Детлаф, А. К. Лебедев  |e 8-е изд., перераб. и испр.  |c М.  |n Оникс  |n Мир и Образование  |d 2008  |p 1056 с.  |a Яворский, Борис Михайлович 
451 1 |0 (RuTPU)RU\TPU\book\133726  |y 978-5-94666-434-9  |t Справочник по физике для инженеров и студентов вузов  |f Б. М. Яворский, А. А. Детлаф, А. К. Лебедев  |e 8-е изд., перераб. и испр.  |c М.  |n Оникс  |n Мир и Образование  |d 2006  |p 1056 с.  |a Яворский, Борис Михайлович 
451 |y 5-488-00330-4 
451 |y 5-94666-260-0 
610 1 |a физика 
610 1 |a справочники 
610 1 |a классическая механика 
610 1 |a термодинамика 
610 1 |a молекулярная физика 
610 1 |a гидроаэромеханика 
610 1 |a электричество 
610 1 |a магнетизм 
610 1 |a волновые процессы 
610 1 |a квантовая механика 
610 1 |a атомная физика 
610 1 |a ядерная физика 
610 1 |a элементарные частицы 
675 |a 53(035)  |v 3 
700 1 |a Яворский  |b Б. М.  |g Борис Михайлович 
701 1 |a Детлаф  |b А. А.  |g Андрей Антонович 
701 1 |a Лебедев  |b А. К.  |g Андрей Константинович 
801 1 |a RU  |b 63413507  |c 20071018  |g PSBO 
801 2 |a RU  |b 63413507  |c 20210623  |g PSBO 
942 |c BK